000
00323 a2200157 4500
001
56999
020
_a
8502020307
040
_c
Anchieta - Pituba
100
_a
Neves, Antonio Carlos
240
1
0
_a
Fantasmas
_l
por
245
1
0
_a
Fantasmas
300
_a
95
362
0
_a
2005
650
4
_a
Literatura juvenil
942
_c
BK
999
_c
56999
_d
56999